000 00761cab a2200229 4500
001 WB3417-47
008 090401t1998 xxu||||| |||| 00| 0 eng d
035 _a(Sirsi) u86020
041 _aeng
245 _aStrategy to revitalise coalfield
260 _c1998
350 _a0
490 _aPlanning (for the Natural and Built Environment)
_v(1266) 1 May 1998, 3(1)
520 _aIn order to help the regeneration of the former north Derbyshire coalfield, the Derby and Derbyshire joint deposit structure plan will allow housing to be built in environmentally attractive locations.
650 _aCOALFIELDS
650 _aDERBYSHIRE
650 _aNEW HOMES
650 _aREGENERATION
690 _aURBAN RENEWAL
942 _n0
948 _c06/05/1998
999 _c54118
_d54118